[Event "BL2-Nord 1920"]
[Site "Germany"]
[Date "2021.08.08"]
[Round "10.3"]
[White "Steczek, Marcin"]
[Black "Polzin, Rainer"]
[Result "1-0"]
[WhiteElo "2366"]
[BlackElo "2415"]
[PlyCount "111"]
[EventDate "2019.10.19"]
[EventType "team-tourn"]
[EventRounds "9"]
[EventCountry "GER"]
[SourceTitle "EXT 2023"]
[Source "ChessBase"]
[SourceDate "2022.10.05"]
[SourceVersion "1"]
[SourceVersionDate "2022.10.05"]
[SourceQuality "1"]
[WhiteTeam "Ruedersdorf Glueckauf"]
[BlackTeam "Berlin SF II"]
[WhiteTeamCountry "GER"]
[BlackTeamCountry "GER"]

1. Nf3 Nf6 2. b3 d6 3. e3 e5 4. d4 Nbd7 5. Bb2 e4 6. Nfd2 g6 7. c4 c6 8. Nc3 d5 9. Qc1 a6 10. a4 Bb4 11. Ba3 Qa5 12. Bxb4 Qxb4 13. a5 Qd6 14. Qa3 Qxa3 15. Rxa3 0-0 16. Be2 Re8 17. 0-0 Nf8 18. cxd5 cxd5 19. b4 Bd7 20. Nb3 Ne6 21. Nc5 Bc6 22. Rb1 Rec8 23. h3 h5 24. N3a4 Bxa4 25. Rxa4 Rc7 26. Ra2 Kf8 27. Bd1 Ke7 28. Bb3 Rd8 29. Rc2 Rdc8 30. Rbc1 Nd8 31. Ba4 Kd6 32. Kf1 Ke7 33. Rb1 Ne6 34. Ke1 h4 35. Rbc1 Nd8 36. Kd2 Kd6 37. Rb1 Ke7 38. Rcb2 Ra8 39. Bd1 Ne6 40. Be2 Kd6 41. Na4 Nd8 42. Ra2 Nd7 43. b5 Rcc8 44. Nc3 Nf6 45. Rab2 axb5 46. Rxb5 Rc6 47. Ra1 Rac8 48. Ra3 Ke6 49. f3 R8c7 50. Bd1 exf3 51. gxf3 Kd6 52. Rb2 Ke7 53. Rb5 Kd6 54. Ba4 Ke6 55. e4 Ke7 56. e5 1-0

[Event "Opole Termika Rapid op"]
[Site "Opole"]
[Date "2021.07.17"]
[Round "6"]
[White "Tazbir, Marcin"]
[Black "Steczek, Marcin"]
[Result "1-0"]
[WhiteElo "2513"]
[BlackElo "2358"]
[PlyCount "71"]
[EventDate "2021.07.17"]
[EventType "swiss (rapid)"]
[EventRounds "9"]
[EventCountry "POL"]
[SourceTitle "CBM 203 Extra"]
[Source "ChessBase"]
[SourceDate "2021.09.30"]
[SourceVersion "1"]
[SourceVersionDate "2021.09.30"]
[SourceQuality "1"]

1. c4 Nf6 2. g3 e6 3. Bg2 d5 4. Nf3 Be7 5. 0-0 0-0 6. Qc2 c6 7. d3 b6 8. e4 Bb7 9. e5 Nfd7 10. Qe2 b5 11. b3 a5 12. Bf4 Re8 13. h4 a4 14. Nc3 axb3 15. axb3 bxc4 16. Rxa8 Bxa8 17. bxc4 Na6 18. Ra1 Nb4 19. d4 dxc4 20. Qxc4 Nb6 21. Qe2 c5 22. dxc5 Bxc5 23. Ne4 Bxe4 24. Qxe4 Qd3 25. Ng5 h6 26. Qxd3 Nxd3 27. Ne4 Nxf4 28. Nxc5 Nxg2 29. Kxg2 Rc8 30. Ne4 Nc4 31. f4 h5 32. Ra7 Ne3+ 33. Kf3 Nf5 34. Ng5 Nh6 35. Ke2 Rf8 36. Kf3 1-0

[Event "POL-chT 2nd League"]
[Site "Poronin"]
[Date "2020.09.13"]
[Round "9.14"]
[White "Piesik, Piotr"]
[Black "Steczek, Marcin"]
[Result "1/2-1/2"]
[WhiteElo "2418"]
[BlackElo "2359"]
[PlyCount "60"]
[EventDate "2020.09.05"]
[EventType "team-swiss"]
[EventRounds "9"]
[EventCountry "POL"]
[SourceTitle "CBM 198 Extra"]
[Source "ChessBase"]
[SourceDate "2020.11.30"]
[SourceVersion "1"]
[SourceVersionDate "2020.11.30"]
[SourceQuality "1"]
[WhiteTeam "Gliwice Politechnika Slaska"]
[BlackTeam "Konin Hetman"]
[WhiteTeamCountry "POL"]
[BlackTeamCountry "POL"]

1. d4 Nf6 2. c4 e6 3. Nc3 Bb4 4. f3 c5 5. d5 b5 6. e4 bxc4 7. Bxc4 exd5 8. Bxd5 Nxd5 9. Qxd5 Nc6 10. Nge2 Ba6 11. Be3 Ne7 12. Qd1 0-0 13. a3 Bxe2 14. Qxe2 Bxc3+ 15. bxc3 Qa5 16. 0-0 d5 17. Rad1 dxe4 18. Qc4 Ng6 19. fxe4 Rac8 20. Rf5 Qxa3 21. Bxc5 Qb2 22. Qd5 Qxc3 23. Bxf8 Rxf8 24. Rdf1 Qc7 25. e5 h6 26. Qe4 Qe7 27. h3 Qe6 28. Qd4 Ne7 29. R5f2 Ng6 30. Qxa7 Nxe5 1/2-1/2

[Event "POL-chT 2nd League"]
[Site "Jastrzebia Gora"]
[Date "2019.09.13"]
[Round "7.16"]
[White "Steczek, Marcin"]
[Black "Krzywda, Andrzej"]
[Result "0-1"]
[WhiteElo "2385"]
[BlackElo "2160"]
[PlyCount "96"]
[EventDate "2019.09.07"]
[EventType "team-swiss"]
[EventRounds "9"]
[EventCountry "POL"]
[SourceTitle "EXT 2020"]
[Source "ChessBase"]
[SourceDate "2019.10.17"]
[SourceVersion "1"]
[SourceVersionDate "2019.10.17"]
[SourceQuality "1"]
[WhiteTeam "Konin Hetman"]
[BlackTeam "Chroscice Victoria"]
[WhiteTeamCountry "POL"]
[BlackTeamCountry "POL"]

1. g3 Nf6 2. Bg2 e6 3. c4 d5 4. Nf3 dxc4 5. Qa4+ Nbd7 6. 0-0 a6 7. Qxc4 b5 8. Qc2 Bb7 9. d3 c5 10. Nc3 Be7 11. h3 Rc8 12. a4 Qb6 13. axb5 axb5 14. Bg5 h6 15. Bxf6 Bxf6 16. Qb3 Bc6 17. Nd2 Bxg2 18. Kxg2 Rb8 19. Ra2 Ne5 20. Nce4 Qc6 21. Kg1 Be7 22. Rc1 0-0 23. Ra7 c4 24. dxc4 bxc4 25. Qc3 Bf6 26. Ra5 Rb5 27. Rxb5 Qxb5 28. Nxf6+ gxf6 29. Ne4 Kg7 30. Nxf6 Kxf6 31. f4 Rb8 32. fxe5+ Kg7 33. Rc2 Qc5+ 34. e3 Rd8 35. Qxc4 Rd1+ 36. Kf2 Rd2+ 37. Rxd2 Qxc4 38. h4 Qc1 39. Rd4 Qxb2+ 40. Kf3 Qa1 41. Kf2 Qb1 42. g4 Qh1 43. h5 Qh2+ 44. Kf3 Qxe5 45. Rf4 Qb2 46. Rd4 Qc1 47. Kf2 e5 48. Rd6 Qh1 0-1

[Event "POL-chT 2nd League"]
[Site "Jastrzebia Gora"]
[Date "2018.09.05"]
[Round "5.9"]
[White "Molenda, Marcin"]
[Black "Steczek, Marcin"]
[Result "1-0"]
[WhiteElo "2372"]
[BlackElo "2386"]
[PlyCount "121"]
[EventDate "2018.09.01"]
[EventType "team-swiss"]
[EventRounds "9"]
[EventCountry "POL"]
[SourceTitle "CBM 186 Extra"]
[Source "ChessBase"]
[SourceDate "2018.08.24"]
[SourceVersion "1"]
[SourceVersionDate "2018.08.24"]
[SourceQuality "1"]
[WhiteTeam "Jastrzebie Zdroj Pionier"]
[BlackTeam "Konin Hetman"]
[WhiteTeamCountry "POL"]
[BlackTeamCountry "POL"]

1. d4 Nf6 2. c4 e6 3. Nf3 Bb4+ 4. Bd2 Qe7 5. g3 0-0 6. Bg2 Bxd2+ 7. Qxd2 d6 8. 0-0 e5 9. Nc3 Re8 10. e4 Bg4 11. Ne1 exd4 12. Qxd4 Be6 13. b3 Nc6 14. Qd2 Qd7 15. Nc2 Bh3 16. f3 Bxg2 17. Kxg2 a6 18. Ne3 Ne7 19. Rac1 Rac8 20. Rfd1 Qe6 21. Rc2 Nd7 22. Ncd5 Ne5 23. Nxe7+ Rxe7 24. Nf5 Ree8 25. Qg5 Ng6 26. c5 h6 27. Qc1 dxc5 28. Rxc5 Ne7 29. Nxe7+ Qxe7 30. Rcd5 Rcd8 31. Qc4 c6 32. R5d4 Rxd4 33. Qxd4 Qe5 34. Qxe5 Rxe5 35. Rd8+ Kh7 36. Rd7 f5 37. exf5 Rxf5 38. Rxb7 Rc5 39. a3 Rc2+ 40. Kh3 a5 41. f4 a4 42. bxa4 Rc3 43. f5 Kg8 44. Ra7 Rxa3 45. Kh4 Rf3 46. g4 c5 47. Kh5 Rd3 48. Rc7 Kh7 49. Kh4 Rd4 50. f6 Kg6 51. fxg7 Kh7 52. a5 Ra4 53. Rxc5 Ra3 54. g8Q+ Kxg8 55. Kh5 Kg7 56. Rc7+ Kf6 57. Rc6+ Kg7 58. Rg6+ Kf7 59. h4 Rxa5+ 60. Kxh6 Ra8 61. Kh7 1-0

[Event "POL-chT 2nd League"]
[Site "Jastrzebia Gora"]
[Date "2018.09.02"]
[Round "2.92"]
[White "Flak, Pawel"]
[Black "Steczek, Marcin"]
[Result "1/2-1/2"]
[WhiteElo "2159"]
[BlackElo "2386"]
[PlyCount "210"]
[EventDate "2018.09.01"]
[EventType "team-swiss"]
[EventRounds "9"]
[EventCountry "POL"]
[SourceTitle "CBM 186 Extra"]
[Source "ChessBase"]
[SourceDate "2018.08.24"]
[SourceVersion "1"]
[SourceVersionDate "2018.08.24"]
[SourceQuality "1"]
[WhiteTeam "Plock Akademia"]
[BlackTeam "Konin Hetman"]
[WhiteTeamCountry "POL"]
[BlackTeamCountry "POL"]

1. d4 Nf6 2. Nf3 e6 3. Bf4 c5 4. e3 b6 5. h3 Bb7 6. Be2 Be7 7. 0-0 0-0 8. Nbd2 cxd4 9. exd4 d6 10. c3 Nbd7 11. Re1 Re8 12. Rc1 Bf8 13. Bh2 a6 14. Nc4 Qc7 15. Bd3 Bc6 16. Ncd2 Qb7 17. Qc2 h6 18. Ne4 Nxe4 19. Bxe4 Bxe4 20. Qxe4 Qxe4 21. Rxe4 b5 22. Kf1 Rec8 23. Ree1 Nb6 24. Nd2 Rc6 25. Ke2 Rac8 26. Kd3 Na4 27. Kc2 d5 28. Kb1 Nb6 29. Nf3 f6 30. Red1 Kf7 31. Ne1 a5 32. Nd3 Rc4 33. Bf4 R4c6 34. Bd2 Nc4 35. Be1 Nd6 36. g4 Be7 37. f3 Nc4 38. Bf2 Bd6 39. b3 Nb6 40. Kb2 a4 41. Nc5 Bxc5 42. dxc5 Nd7 43. b4 Ne5 44. f4 Nc4+ 45. Kc2 h5 46. f5 hxg4 47. hxg4 Rh8 48. Rh1 Rcc8 49. fxe6+ Kxe6 50. g5 Rxh1 51. Rxh1 fxg5 52. Bd4 Kf5 53. Rf1+ Kg6 54. Re1 Rh8 55. Re7 Rh2+ 56. Kd1 Rxa2 57. c6 a3 58. Ra7 Ra1+ 59. Ke2 Ra2+ 60. Ke1 Kf5 61. c7 Nd6 62. c4 dxc4 63. Ra6 Nc8 64. Ra8 Ke6 65. Rxc8 Kd7 66. Rg8 Kxc7 67. Rxg7+ Kc8 68. Rxg5 Rb2 69. Rc5+ Kd7 70. Rxb5 Rb1+ 71. Kd2 a2 72. Rd5+ Kc6 73. Rc5+ Kb7 74. Ra5 Rxb4 75. Rxa2 Rb3 76. Kc2 Kc6 77. Ra5 Rb5 78. Ra8 Rb3 79. Rc8+ Kd5 80. Bg1 Rg3 81. Bf2 Rg2 82. Rf8 Rh2 83. Kd2 Rh6 84. Rf5+ Ke4 85. Rf8 Rh3 86. Re8+ Kd5 87. Rd8+ Kc6 88. Be3 Kb5 89. Rb8+ Kc6 90. Re8 Kd5 91. Kc3 Rf3 92. Kb4 Rf6 93. Rd8+ Rd6 94. Ra8 Re6 95. Ra5+ Ke4 96. Ba7 Rc6 97. Kc3 Rc8 98. Bc5 Kd5 99. Bd4+ Ke4 100. Re5+ Kf4 101. Rh5 Kg4 102. Ra5 Kf4 103. Bc5 Ke4 104. Kxc4 Rd8 105. Ra6 Rd1 1/2-1/2

[Event "BL2-Nord 1718"]
[Site "Germany"]
[Date "2017.11.12"]
[Round "3.3"]
[White "Michna, Marta"]
[Black "Steczek, Marcin"]
[Result "1-0"]
[WhiteElo "2376"]
[BlackElo "2382"]
[PlyCount "93"]
[EventDate "2017.10.08"]
[EventType "team-tourn"]
[EventRounds "9"]
[EventCountry "GER"]
[SourceTitle "CBM 183 Extra"]
[Source "ChessBase"]
[SourceDate "2018.04.19"]
[SourceVersion "1"]
[SourceVersionDate "2018.04.19"]
[SourceQuality "1"]
[WhiteTeam "St Pauli"]
[BlackTeam "Glueck Auf Ruedersdorf"]
[WhiteTeamCountry "GER"]
[BlackTeamCountry "GER"]

1. d4 Nf6 2. c3 b6 3. Nf3 Bb7 4. h3 e6 5. Bf4 Be7 6. Nbd2 c5 7. e3 0-0 8. Bd3 cxd4 9. exd4 d6 10. 0-0 Nbd7 11. Re1 Re8 12. a4 a6 13. Nc4 Qc7 14. Bh2 Bf8 15. Qe2 Bc6 16. Nfd2 b5 17. axb5 axb5 18. Ne3 Qb6 19. b4 e5 20. d5 Nxd5 21. Nxd5 Bxd5 22. Bxb5 Bc6 23. Bd3 d5 24. Rxa8 Bxa8 25. Bf5 Nb8 26. Nf3 g6 27. Bc2 Bg7 28. Nd4 Rc8 29. Bxe5 Re8 30. f4 Nc6 31. Ba4 Nxd4 32. Qf2 Bc6 33. Bxc6 Qxc6 34. Bxg7 Rxe1+ 35. Qxe1 Nf3+ 36. gxf3 Kxg7 37. Qe5+ f6 38. Qe7+ Kh6 39. Qe3 Kh5 40. Kg2 Qa6 41. Qd2 Qc4 42. Qe3 Qa2+ 43. Kg3 f5 44. b5 Qb1 45. b6 Kh6 46. Kh4 d4 47. Qe7 1-0

[Event "POL-chT 2nd League"]
[Site "Szklarska Poreba"]
[Date "2017.09.09"]
[Round "8.12"]
[White "Steczek, Marcin"]
[Black "Brzezinski, Mateusz"]
[Result "1-0"]
[WhiteElo "2390"]
[BlackElo "2119"]
[PlyCount "153"]
[EventDate "2017.09.02"]
[EventType "team-swiss"]
[EventRounds "9"]
[EventCountry "POL"]
[SourceTitle "CBM 180 Extra"]
[Source "ChessBase"]
[SourceDate "2017.10.06"]
[SourceVersion "1"]
[SourceVersionDate "2017.10.06"]
[SourceQuality "1"]
[WhiteTeam "Konin Hetman"]
[BlackTeam "Bydgoszcz Hetman"]
[WhiteTeamCountry "POL"]
[BlackTeamCountry "POL"]

1. Nf3 c5 2. g3 Nc6 3. Bg2 g6 4. 0-0 Bg7 5. d3 Nf6 6. c4 0-0 7. Nc3 a6 8. a3 Rb8 9. Rb1 b5 10. cxb5 axb5 11. b4 cxb4 12. axb4 d6 13. Bd2 Bd7 14. Qb3 Qb6 15. Be3 Qb7 16. Nd4 Nxd4 17. Bxd4 Bc6 18. Bxc6 Qxc6 19. Bxf6 Bxf6 20. Nd5 Rfc8 21. Nxf6+ exf6 22. Qb2 Qc3 23. Qxc3 Rxc3 24. Rfc1 Rbc8 25. Rxc3 Rxc3 26. Ra1 Rb3 27. Ra6 Rxb4 28. Rxd6 f5 29. Kg2 Rb1 30. Rb6 b4 31. h4 h5 32. Kf3 Kf8 33. Kf4 Rb2 34. Ke3 Ke7 35. f3 Kd7 36. d4 Ke7 37. d5 b3 38. Kd3 Rb1 39. Kc3 Rd1 40. e4 fxe4 41. fxe4 Rc1+ 42. Kd4 Rd1+ 43. Ke3 Rb1 44. Kd2 Rb2+ 45. Kc3 Re2 46. Kd3 Rg2 47. e5 b2 48. Rb7+ Ke8 49. Kd4 Rxg3 50. Rxb2 Ra3 51. Rb8+ Kd7 52. Rb7+ Ke8 53. Kc5 Ra5+ 54. Kc6 Ra6+ 55. Kc7 Ra8 56. d6 Rd8 57. Kc6 Ra8 58. Re7+ Kf8 59. Kb7 Ra5 60. Kb6 Ra8 61. Rc7 Ke8 62. Rb7 Rd8 63. Re7+ Kf8 64. Kb7 g5 65. hxg5 h4 66. g6 fxg6 67. Rh7 Kg8 68. Rxh4 Kf7 69. Rh7+ Ke6 70. Re7+ Kd5 71. d7 Rxd7+ 72. Rxd7+ Kxe5 73. Rg7 Kf6 74. Rg8 g5 75. Kc6 Kf5 76. Kd5 g4 77. Rf8+ 1-0

[Event "POL-chT 2nd League"]
[Site "Szklarska Poreba"]
[Date "2017.09.07"]
[Round "6.11"]
[White "Steczek, Marcin"]
[Black "Lewtak, Damian"]
[Result "0-1"]
[WhiteElo "2390"]
[BlackElo "2331"]
[PlyCount "114"]
[EventDate "2017.09.02"]
[EventType "team-swiss"]
[EventRounds "9"]
[EventCountry "POL"]
[SourceTitle "CBM 180 Extra"]
[Source "ChessBase"]
[SourceDate "2017.10.06"]
[SourceVersion "1"]
[SourceVersionDate "2017.10.06"]
[SourceQuality "1"]
[WhiteTeam "Konin Hetman"]
[BlackTeam "Gostynin Gostmat 83"]
[WhiteTeamCountry "POL"]
[BlackTeamCountry "POL"]

1. c4 Nf6 2. Nc3 e5 3. Nf3 Nc6 4. g3 d5 5. cxd5 Nxd5 6. Bg2 Nb6 7. 0-0 Be7 8. Rb1 Be6 9. a3 0-0 10. b4 f6 11. b5 Nd4 12. Nxd4 exd4 13. Na4 Ba2 14. Bxb7 Rb8 15. Ra1 Rxb7 16. Rxa2 Qd5 17. Ra1 Qxb5 18. Nxb6 axb6 19. a4 Qd5 20. Qc2 Ra8 21. Bb2 Rba7 22. Rfc1 c5 23. d3 h5 24. Rcb1 Ra5 25. e4 Qe6 26. f4 Kf8 27. f5 Qd7 28. Qb3 Qc6 29. Ra2 Rxa4 30. Rba1 Rxa2 31. Rxa2 Rxa2 32. Qxa2 b5 33. Kf2 Bd8 34. Qa1 Bb6 35. Ke2 g6 36. fxg6 Kg7 37. h3 Kxg6 38. g4 hxg4 39. Qg1 Qe6 40. hxg4 Qa2 41. g5 Qxb2+ 42. Kf3 Qd2 43. gxf6+ Kxf6 44. e5+ Kxe5 45. Qg6 Qf4+ 46. Ke2 Bc7 47. Qe8+ Kf5 48. Qxb5 Qe3+ 49. Kf1 Kf4 50. Qc4 Kg4 51. Qa6 Qg5 52. Kg2 Qd5+ 53. Kg1 Bf4 54. Qc8+ Qf5 55. Qg8+ Qg5 56. Qa8 Be3+ 57. Kg2 Kh4+ 0-1

[Event "BL2-Nord 1617"]
[Site "Germany"]
[Date "2017.02.05"]
[Round "5.4"]
[White "Steczek, Marcin"]
[Black "Kopylov, Michael"]
[Result "1/2-1/2"]
[WhiteElo "2385"]
[BlackElo "2429"]
[PlyCount "317"]
[EventDate "2016.10.16"]
[EventType "team-tourn"]
[EventRounds "9"]
[EventCountry "GER"]
[SourceTitle "EXT 2018"]
[Source "ChessBase"]
[SourceDate "2017.10.13"]
[SourceVersion "1"]
[SourceVersionDate "2017.10.13"]
[SourceQuality "1"]
[WhiteTeam "Ruedersdorf"]
[BlackTeam "Norderstedt"]
[WhiteTeamCountry "GER"]
[BlackTeamCountry "GER"]

1. d4 Nf6 2. Nf3 g6 3. g3 c5 4. Bg2 Bg7 5. 0-0 0-0 6. c3 cxd4 7. cxd4 d6 8. Nc3 Nc6 9. h3 Bf5 10. d5 Na5 11. Nd4 Bd7 12. Qd3 Qc8 13. Kh2 Qc4 14. Be3 Rfc8 15. Rfc1 Qxd3 16. exd3 b6 17. Rab1 Kf8 18. b4 Nb7 19. Ncb5 Nd8 20. Rxc8 Bxc8 21. Nc6 Bf5 22. Rc1 Nxc6 23. dxc6 d5 24. g4 Be6 25. Nc7 Rc8 26. Bf4 h6 27. a4 g5 28. Bg3 h5 29. gxh5 Nxh5 30. Bxd5 Rxc7 31. Bxc7 Bxd5 32. Bxb6 Be5+ 33. Kg1 axb6 34. c7 Bxc7 35. Rxc7 Nf4 36. Rc8+ Kg7 37. Rb8 Bb3 38. a5 bxa5 39. bxa5 Bd5 40. a6 Nxh3+ 41. Kf1 Nf4 42. a7 Bg2+ 43. Kg1 Kf6 44. Rd8 e5 45. d4 exd4 46. Rxd4 Bf3 47. Rd8 Kf5 48. Rf8 f6 49. Kh2 Bd5 50. Re8 Bc6 51. Rc8 Bb7 52. Rb8 Be4 53. Rb4 Ba8 54. Rb8 Be4 55. a8Q Bxa8 56. Rxa8 Ng6 57. Ra6 Ne5 58. Kg3 Kg6 59. Kg2 Kf5 60. Kf1 Ng4 61. Ke2 Ne5 62. Ra4 Ng4 63. f3 Ne5 64. Ke3 Ng6 65. Ra5+ Ne5 66. Rb5 Kg6 67. Ke4 Nc4 68. Rd5 Ne5 69. Rd8 Nc4 70. Rg8+ Kf7 71. Ra8 Kg6 72. Ra4 Ne5 73. Ra3 Nc4 74. Rc3 Ne5 75. Rc7 Nf7 76. Ra7 Ne5 77. Ra8 Nc4 78. Ra2 Ne5 79. Rf2 Nf7 80. Rg2 Nd6+ 81. Kd5 Nf5 82. Rg1 Nh4 83. Ke4 Nf5 84. Ra1 Ng3+ 85. Ke3 Nf5+ 86. Kd3 Nh4 87. Ke4 Nf5 88. Ra5 Ne7 89. Rc5 Kf7 90. Rc7 Ke6 91. Ra7 Kf7 92. Rb7 Ke6 93. Rb1 Kf7 94. Rh1 Kg6 95. Rg1 Nf5 96. Rd1 Ng3+ 97. Ke3 Nf5+ 98. Kf2 Ne7 99. Rd7 Nc6 100. Ke3 Ne5 101. Rd5 Nf7 102. Ke4 Ne5 103. Rd1 Nc6 104. Rd2 Ne5 105. Rg2 Nc4 106. f4 Nd6+ 107. Kd5 Nf5 108. Rg1 Ng7 109. Ke4 Nf5 110. Rd1 Ng3+ 111. Kf3 gxf4 112. Kxf4 Nh5+ 113. Kg4 Ng7 114. Rh1 Ne6 115. Ra1 Ng5 116. Re1 Nf7 117. Kf4 Ng5 118. Rg1 Kf7 119. Kf5 Ne6 120. Ra1 Ng7+ 121. Ke4 Ne6 122. Kd5 Ng5 123. Ra5 Kg6 124. Kd6 Nf7+ 125. Ke7 Ne5 126. Ra6 Ng4 127. Ke6 Kg5 128. Ra5+ Kg6 129. Rf5 Kg7 130. Rf4 Ne5 131. Rxf6 Ng6 132. Rf7+ Kh6 133. Kf6 Nf4 134. Kf5 Nh5 135. Ra7 Ng7+ 136. Kf4 Nh5+ 137. Kg4 Kg6 138. Ra6+ Nf6+ 139. Kf4 Kf7 140. Kf5 Nd5 141. Ke5 Ne7 142. Ra7 Ke8 143. Ke6 Nc8 144. Rb7 Kd8 145. Rd7+ Ke8 146. Rd1 Nb6 147. Rd6 Nc8 148. Rd7 Nb6 149. Re7+ Kd8 150. Rh7 Nc8 151. Rb7 Ke8 152. Rc7 Kd8 153. Rc6 Ne7 154. Rd6+ Ke8 155. Rd1 Nc8 156. Rc1 Kd8 157. Rc2 Nb6 158. Kd6 Nc8+ 159. Rxc8+ 1/2-1/2

[Event "BL2-Nord 1617"]
[Site "Germany"]
[Date "2016.11.19"]
[Round "4.3"]
[White "Steczek, Marcin"]
[Black "Buchenau, Frank"]
[Result "1/2-1/2"]
[WhiteElo "2385"]
[BlackElo "2275"]
[PlyCount "114"]
[EventDate "2016.10.16"]
[EventType "team-tourn"]
[EventRounds "9"]
[EventCountry "GER"]
[SourceTitle "EXT 2018"]
[Source "ChessBase"]
[SourceDate "2017.10.13"]
[SourceVersion "1"]
[SourceVersionDate "2017.10.13"]
[SourceQuality "1"]
[WhiteTeam "Ruedersdorf"]
[BlackTeam "Lister Turm"]
[WhiteTeamCountry "GER"]
[BlackTeamCountry "GER"]

1. d4 e6 2. Nf3 Nf6 3. g3 b6 4. Bg2 Bb7 5. 0-0 Be7 6. a4 a5 7. Na3 0-0 8. Nc4 d6 9. c3 Nbd7 10. Re1 Bd5 11. Ncd2 Ne4 12. Qc2 f5 13. c4 Bb7 14. d5 Nxd2 15. Bxd2 Bf6 16. Be3 Nc5 17. Red1 Qe7 18. Ne1 Rae8 19. Bxc5 bxc5 20. dxe6 Bxg2 21. Nxg2 Qxe6 22. e3 Qe4 23. Rd3 Rb8 24. Rb1 g5 25. b3 Kg7 26. Ne1 f4 27. Rxd6 Qe7 28. Rd3 fxe3 29. fxe3 Kh8 30. Rbd1 Rbd8 31. Ng2 Rd6 32. Rxd6 cxd6 33. Qd2 Be5 34. Rf1 Rxf1+ 35. Kxf1 Qb7 36. Qd1 Qe4 37. Kf2 Kg7 38. Kg1 Kg6 39. Kf2 Qf5+ 40. Kg1 Qe4 41. Kf1 Qf5+ 42. Ke2 Qg4+ 43. Kd2 Qxd1+ 44. Kxd1 Kf5 45. Ke2 Kg4 46. Ne1 Kh3 47. Nd3 Bg7 48. Kf2 Kxh2 49. g4 Kh3 50. Kf3 h5 51. Nf2+ Kh4 52. gxh5 Kxh5 53. Ng4 Kh4 54. Nf2 Be5 55. Ng4 Bg7 56. Nf2 Be5 57. Ng4 Bg7 1/2-1/2